[Event "HUN-chT2 Toth 0708"]
[Site "Hungary"]
[Date "2007.11.11"]
[Round "2"]
[White "Ferenczi, Csaba"]
[Black "Papp, Jozsef"]
[Result "1-0"]
[WhiteElo "2083"]
[BlackElo "2060"]
[PlyCount "103"]
[EventDate "2007.10.14"]
[EventType "team"]
[EventRounds "11"]
[EventCountry "HUN"]
[SourceTitle "EXT 2009"]
[Source "ChessBase"]
[SourceDate "2008.11.26"]
[SourceVersion "1"]
[SourceVersionDate "2008.11.26"]
[SourceQuality "1"]
[WhiteTeam "Bajai"]
[BlackTeam "Szentes"]
[WhiteTeamCountry "HUN"]
[BlackTeamCountry "HUN"]

1. Nf3 Nf6 2. g3 d5 3. Bg2 Bg4 4. 0-0 Bxf3 5. Bxf3 c6 6. c4 e6 7. d4 Be7 8. b3 Nbd7 9. cxd5 exd5 10. Nc3 0-0 11. Rb1 Bb4 12. Bd2 Re8 13. Na4 Qa5 14. Bxb4 Qxb4 15. Qd3 Ne4 16. Bxe4 Rxe4 17. e3 Rae8 18. Rbc1 Qe7 19. b4 h5 20. b5 Qf6 21. bxc6 bxc6 22. Qd1 h4 23. Nc3 R4e6 24. Qg4 hxg3 25. hxg3 Qe7 26. Kg2 Rg6 27. Qf3 Nf6 28. Rh1 Ng4 29. Rh4 Nh6 30. Rh5 Rb8 31. Qe2 Re6 32. Nd1 f5 33. Qd3 Qf7 34. Rh3 g5 35. Rb1 Rf8 36. Qa6 c5 37. Qb7 cxd4 38. Qxd5 g4 39. Rh4 Rb6 40. Qxf7+ Nxf7 41. Rxb6 axb6 42. exd4 Kg7 43. Ne3 Kg6 44. Rh1 Ra8 45. Rb1 Rxa2 46. Rxb6+ Kg5 47. Nd5 Ra8 48. Nf4 Rg8 49. Kf1 Nh6 50. Re6 Ra8 51. d5 Ra4 52. d6 1-0

[Event "HUN-chT2 Toth 0708"]
[Site "Hungary"]
[Date "2007.10.14"]
[Round "1"]
[White "Ferenczi, Csaba"]
[Black "Erdos, Boglarka"]
[Result "1-0"]
[WhiteElo "2083"]
[BlackElo "2004"]
[PlyCount "117"]
[EventDate "2007.10.14"]
[EventType "team"]
[EventRounds "11"]
[EventCountry "HUN"]
[SourceTitle "EXT 2009"]
[Source "ChessBase"]
[SourceDate "2008.11.26"]
[SourceVersion "1"]
[SourceVersionDate "2008.11.26"]
[SourceQuality "1"]
[WhiteTeam "Bajai"]
[BlackTeam "Mako II"]
[WhiteTeamCountry "HUN"]
[BlackTeamCountry "HUN"]

1. Nf3 d5 2. g3 c6 3. Bg2 Nf6 4. 0-0 Bf5 5. d3 h6 6. Nbd2 e6 7. Re1 Be7 8. c4 0-0 9. a3 a5 10. b3 Na6 11. Bb2 dxc4 12. Nxc4 Nc5 13. Nd4 Bh7 14. b4 axb4 15. axb4 Ncd7 16. b5 c5 17. Rxa8 Qxa8 18. Nc6 bxc6 19. bxc6 Qa6 20. cxd7 Nxd7 21. Qa1 Qxa1 22. Rxa1 Bf6 23. Bxf6 Nxf6 24. Ra7 Rb8 25. Bf3 Bf5 26. Kg2 g5 27. h3 h5 28. Ne5 g4 29. hxg4 hxg4 30. Bc6 Rb2 31. e4 Bg6 32. Nxg6 fxg6 33. Re7 Rb6 34. Rxe6 Kf7 35. Rd6 Ke7 36. e5 Nh7 37. Rxg6 Nf8 38. Rd6 Ne6 39. Bd5 Rxd6 40. exd6+ Kxd6 41. Bxe6 Kxe6 42. f4 Kd5 43. Kf2 Ke6 44. Ke3 Kd5 45. Kd2 Ke6 46. Kc3 Kd5 47. f5 Ke5 48. Kc4 Kxf5 49. Kxc5 Ke5 50. d4+ Ke4 51. d5 Kf3 52. d6 Kxg3 53. d7 Kf2 54. d8Q g3 55. Qh4 Kf3 56. Qh3 Kf2 57. Qf5+ Ke3 58. Qg4 Kf2 59. Qf4+ 1-0

[Event "HUN-chT2 Asztalos 0506"]
[Site "Hungary"]
[Date "2006.04.23"]
[Round "11"]
[White "Botos, Ferenc"]
[Black "Ferenczi, Csaba"]
[Result "1-0"]
[WhiteElo "2196"]
[BlackElo "2089"]
[PlyCount "70"]
[EventDate "2005.10.16"]
[EventType "team"]
[EventRounds "11"]
[EventCountry "HUN"]
[SourceTitle "EXT 2009"]
[Source "ChessBase"]
[SourceDate "2008.11.26"]
[SourceVersion "1"]
[SourceVersionDate "2008.11.26"]
[SourceQuality "1"]
[WhiteTeam "Fehervar"]
[BlackTeam "Bajai"]
[WhiteTeamCountry "HUN"]
[BlackTeamCountry "HUN"]

1. d4 Nf6 2. Nf3 g6 3. e3 Bg7 4. c4 0-0 5. Nc3 d6 6. Be2 Nc6 7. a3 e5 8. d5 Ne7 9. Qc2 Nd7 10. b4 a5 11. Bb2 axb4 12. axb4 Rxa1+ 13. Bxa1 h6 14. Nd2 f5 15. Nb3 Nf6 16. f3 c6 17. e4 fxe4 18. fxe4 cxd5 19. cxd5 Qb6 20. b5 Ng4 21. Nd1 Bd7 22. Bc3 Rc8 23. Qd3 Ra8 24. Qd2 Qa7 25. Bb4 Qa4 26. Bxd6 Nc8 27. Nc5 Qa1 28. Nxd7 Nxd6 29. Bxg4 Nxe4 30. Qb4 Ra4 31. Qb2 Qxb2 32. Nxb2 Ra1+ 33. Nd1 Nc3 34. 0-0 Nxb5 35. Be6+ Kh7 1-0

[Event "HUN-chT2 Asztalos 0506"]
[Site "Hungary"]
[Date "2006.03.19"]
[Round "9"]
[White "Kovacs, Imre"]
[Black "Ferenczi, Csaba"]
[Result "0-1"]
[WhiteElo "1979"]
[BlackElo "2089"]
[PlyCount "66"]
[EventDate "2005.10.16"]
[EventType "team"]
[EventRounds "11"]
[EventCountry "HUN"]
[SourceTitle "EXT 2009"]
[Source "ChessBase"]
[SourceDate "2008.11.26"]
[SourceVersion "1"]
[SourceVersionDate "2008.11.26"]
[SourceQuality "1"]
[WhiteTeam "MAV Elore"]
[BlackTeam "Bajai"]
[WhiteTeamCountry "HUN"]
[BlackTeamCountry "HUN"]

1. d4 Nf6 2. c4 g6 3. Nc3 Bg7 4. e4 d6 5. Be2 0-0 6. Nf3 e5 7. 0-0 Nc6 8. d5 Ne7 9. Ne1 Ne8 10. f3 f5 11. Be3 f4 12. Bf2 g5 13. c5 Ng6 14. cxd6 cxd6 15. Rc1 h5 16. Nd3 Rf7 17. b4 Nf6 18. Nb2 g4 19. a4 Bf8 20. Nb5 a6 21. Nc3 gxf3 22. gxf3 h4 23. Kh1 Nh5 24. Rg1 Rg7 25. a5 Qd7 26. Rg4 Qe7 27. Rg1 Ng3+ 28. hxg3 hxg3 29. Bxg3 fxg3 30. Rxg3 Qh4+ 31. Kg2 Nf4+ 32. Kf2 Qxg3+ 33. Ke3 Rg6 0-1

[Event "HUN-chT2 Asztalos 0506"]
[Site "Hungary"]
[Date "2005.11.27"]
[Round "4"]
[White "Molnar, Tamas"]
[Black "Ferenczi, Csaba"]
[Result "1-0"]
[WhiteElo "1997"]
[BlackElo "2089"]
[PlyCount "45"]
[EventDate "2005.10.16"]
[EventType "team"]
[EventRounds "11"]
[EventCountry "HUN"]
[SourceTitle "EXT 2009"]
[Source "ChessBase"]
[SourceDate "2008.11.26"]
[SourceVersion "1"]
[SourceVersionDate "2008.11.26"]
[SourceQuality "1"]
[WhiteTeam "Koppany"]
[BlackTeam "Bajai"]
[WhiteTeamCountry "HUN"]
[BlackTeamCountry "HUN"]

1. d4 Nf6 2. Nc3 d5 3. Bg5 g6 4. Qd2 Bg7 5. Nf3 Ne4 6. Qe3 Nxg5 7. Qxg5 Be6 8. e3 c5 9. Bb5+ Nc6 10. 0-0 0-0 11. Rad1 f6 12. Qg3 Qb6 13. Rfe1 a6 14. Bxc6 Qxc6 15. e4 f5 16. exd5 Bxd5 17. Nxd5 Qxd5 18. dxc5 Qxc5 19. Ng5 Qxc2 20. Rd7 Qxb2 21. Rdxe7 Bf6 22. Qh4 h5 23. Qc4+ 1-0

[Event "HUN-chT2 Toth 0405"]
[Site "Hungary"]
[Date "2004.11.21"]
[Round "3"]
[White "Ferenczi, Csaba"]
[Black "Czegledi, Zsolt"]
[Result "0-1"]
[WhiteElo "2113"]
[BlackElo "2242"]
[PlyCount "70"]
[EventDate "2004.09.26"]
[EventType "team"]
[EventRounds "11"]
[EventCountry "HUN"]
[SourceTitle "EXT 2009"]
[Source "ChessBase"]
[SourceDate "2008.11.26"]
[SourceVersion "1"]
[SourceVersionDate "2008.11.26"]
[SourceQuality "1"]
[WhiteTeam "Bajai"]
[BlackTeam "Takisz"]
[WhiteTeamCountry "HUN"]
[BlackTeamCountry "HUN"]

1. e4 e5 2. Nf3 Nc6 3. Bb5 a6 4. Ba4 Nf6 5. 0-0 b5 6. Bb3 Be7 7. Re1 0-0 8. c3 d6 9. h3 Na5 10. Bc2 c5 11. d4 cxd4 12. cxd4 Nc6 13. Nbd2 Qc7 14. d5 Nb4 15. Bb1 a5 16. Nf1 Bd7 17. a3 Na6 18. Ng3 Rac8 19. Nh2 Nc5 20. Be3 a4 21. Bc2 Qb7 22. Ng4 Nxg4 23. hxg4 b4 24. Nf5 Bxf5 25. gxf5 b3 26. Bb1 Bf6 27. g3 Qe7 28. Qd2 h6 29. Kg2 Bg5 30. f4 Bf6 31. Bxc5 Rxc5 32. Bd3 Rfc8 33. Rec1 Qc7 34. Rxc5 Qxc5 35. Qb4 Qe3 0-1

[Event "HUN-chT2 Asztalos 0304"]
[Site "Hungary"]
[Date "2004.02.08"]
[Round "7"]
[White "Ferenczi, Csaba"]
[Black "Schepp, Zoltan"]
[Result "0-1"]
[WhiteElo "2111"]
[BlackElo "2209"]
[PlyCount "42"]
[EventDate "2003.08.29"]
[EventType "team"]
[EventRounds "11"]
[EventCountry "HUN"]
[SourceTitle "EXT 2009"]
[Source "ChessBase"]
[SourceDate "2008.11.26"]
[SourceVersion "1"]
[SourceVersionDate "2008.11.26"]
[SourceQuality "1"]
[WhiteTeam "Bajai"]
[BlackTeam "Pannonpower"]
[WhiteTeamCountry "HUN"]
[BlackTeamCountry "HUN"]

1. e4 e5 2. Nf3 Nc6 3. Bb5 a6 4. Ba4 Nf6 5. 0-0 Bc5 6. c3 Ba7 7. d4 Nxe4 8. Qd3 f5 9. Bxc6 dxc6 10. Nxe5 0-0 11. Nd2 Nxd2 12. Bxd2 Qd5 13. Qf3 Be6 14. Qxd5 Bxd5 15. Bf4 Rfe8 16. b3 c5 17. Nd7 cxd4 18. cxd4 Rad8 19. Nc5 Bc6 20. Bxc7 Rxd4 21. Rac1 Bb5 0-1